000 01622nam2a2200337 4500
001 RU\NLR\bibl\1010851
005 20250614231137.0
010 _a5-89816-048-5
010 _a5-89816-046-9
_bкн. 6
021 _aRU
_b2006-63751
_93183
035 _a(NLR Aleph) 000998482
090 _a563511
_c563511
100 _a20061120d2005 |||y0rusy50 ca
101 0 _arus
102 _aRU
105 _aa |||||||||
200 1 _aЭндокринные болезни и нарушения обмена веществ
210 _d2005
_aБ. м.
215 _a2759,10 с.
_cил.
225 1 _a...;N 1
320 _aБиблиогр. в конце разделов
320 _aПредм. указ.: с.1-10 2-й паг.
461 0 _1001RU\NLR\bibl\886573
_12001#$aВнутренние болезни по Тинсли Р. Харрисону$vКн. 6
_91623816
_cМосква
_d2005
_e[14-е изд.]
_fпер. с англ. под общ. ред. к.м.н. Н.Н. Алипова, к.б.н. Е.Р. Тимофеевой
_nПрактика
_o[руководство : в 7 т.]
_tВнутренние болезни по Тинсли Р. Харрисону
_y5-89816-048-5
_vКн. 6
606 1 _aЖелезы внутренней секреции
_jРуководства, пособия и т.п.
_xБолезни
_91053866
_3RU\NLR\auth\6689626
606 1 _aОбмен веществ
_jРуководства, пособия и т.п.
_xБолезни
_9922451
_3RU\NLR\auth\6619518
686 _aР415я7
801 0 _aRU
_bNLR
_c20061120
_grcr
801 1 _aRU
_bNLR
_c20061120
942 _cBOOK
980 _aNB